Geotechnology Of Waste Management (Record no. 60599)

MARC details
000 -LEADER
fixed length control field 00447nam a2200181Ia 4500
008 - FIXED-LENGTH DATA ELEMENTS--GENERAL INFORMATION
fixed length control field 230524s9999 xx 000 0 und d
020 ## - INTERNATIONAL STANDARD BOOK NUMBER
ISBN 0534945244
082 ## - DEWEY DECIMAL CLASSIFICATION NUMBER
Classification number 628.44564
Item number owe
100 ## - MAIN ENTRY--AUTHOR NAME
Personal name Issa S. Oweis
245 #0 - TITLE STATEMENT
Title Geotechnology Of Waste Management
250 ## - EDITION STATEMENT
Edition statement 2
260 ## - PUBLICATION, DISTRIBUTION, ETC. (IMPRINT)
Place of publication Boston
Name of publisher PWS
Year of publication 1998
300 ## - PHYSICAL DESCRIPTION
Number of Pages "xiii,472p;"
500 ## - GENERAL NOTE
General note Quantity Number: 1
650 ## - SUBJECT ADDED ENTRY--TOPICAL TERM
Topical Term Civil
700 ## - ADDED ENTRY--PERSONAL NAME
Personal name Raj P. Khera
942 ## - ADDED ENTRY ELEMENTS (KOHA)
Koha item type Books
Holdings
Lost status Damaged status Permanent Location Current Location Shelving location Date acquired Full call number Accession Number Koha item type
    Central Library, Trident Academy of Technology Central Library, Trident Academy of Technology General Stacks 05/24/2023 628.44564 owe 58916 Books
Trident Academy of Technology © 2023.
All rights reserved.                                                                                                                                                                                                        Designed by Team of Central Library .

Powered by Koha